000
003200000a22001450004500
003
MACL
040
_a
MACL
090
_c
33176
_d
33174
100
_a
Malhotra, Dr A M
245
_a
Bank Clerical Guide
260
_b
Bright Careers Institute
350
_a
165
650
_a
Financial Economics
942
_c
BOOK
_k
332.1/MAL
999
_c
32828
_d
32828